Loading...

Law freedon and welfare. /

Bibliographic Details
Main Author: Jenks, C. Wilfred
Language:Undetermined
Published: 1963.
LEADER 00362nam a2200121Ia 4500
001 115797
008 170722s9999 xx 000 0 und d
100 |a Jenks, C. Wilfred 
245 |a Law freedon and welfare. / 
260 |c 1963. 
942 |c GEN 
999 |c 62879  |d 62879 
952 |0 0  |1 0  |4 0  |6 Z_K31K311  |7 0  |9 89442  |a LIB  |b LIB  |d 2017-08-12  |o Z K31-K31;1  |p 98504  |r 2017-08-12  |w 2017-08-12  |y GEN